000 00924nam a22002537a 4500
999 _c447
_d447
003 AR-CdUCM
008 190223b ||||| |||| 00| 0 spa d
020 _a84-231-0585-7
040 _aMUNICIPALIDAD PROVINCIAL DEL CUSCO
_cBIBLIOTECA MUNICIPAL DEL CUSCO
082 _a909 /
_bG861
100 _aGrimberg, Carl
_91720
245 _aLos Siglos del Gótico
260 _aEspaña :
_bEdiciones Daimon ;
_c1967.
300 _a383 páginas
_bilustraciones, mapas
_c17cm
440 _aHistoria Universal Daimon
_91758
505 _aReligión e interculturalidad -- Los siglos del gótico -- Cisma y herejías -- La guerra de los cien años -- Feudalismo e inquietud social
650 _asiglo gótico
_91759
650 _aedad media
_9454
650 _aedad media : religión e interculturalidad
_91760
650 _afeudalismo
_91761
650 _aedad media
_9454
942 _2ddc
_cLIBROS
945 _anom
_d2019-02-23